| 000 | 01063nam a22003137a 4500 | ||
|---|---|---|---|
| 003 | DO-SdBNP | ||
| 005 | 20180215132900.0 | ||
| 008 | 161031b 2005 xxu a 00| 0 spa d | ||
| 020 | _a1412738318 | ||
| 020 | _a9781412738316 | ||
| 040 |
_aBPMSU _bspa _cBPMSU |
||
| 082 | 4 | _bD261c | |
| 100 | 1 | _aDavis, Guy | |
| 245 | 1 | 0 |
_aCuentos de amistad / _cGuy Davis ; ilustraciones Gil DiCicco; traducción Arlette de Alba |
| 260 |
_aLincolnwood, Illinois, Estados Unidos : _bPublications Internacional, _c2005. |
||
| 300 |
_a(36) p. : _bil. ; _c24 cm. |
||
| 490 | 0 | _aTesoro musical | |
| 500 | _aLibro de pasta dura. | ||
| 500 | _aBasado en los cuentos de Winnie the Pooh de A. A. Milne y las ilustraciones de E. H. Shepard | ||
| 500 | _aLibro de paginas de cartón. | ||
| 700 | 1 | 2 |
_aDiCicco, Gil _eil. |
| 700 | 1 | 2 |
_aÁlba, Arlette de _etrad. |
| 710 | _aArtistas de libros de cuentos de Disney | ||
| 830 | 0 | _aTesoro musical | |
| 910 | _a000144 | ||
| 942 |
_2ddc _cBK |
||
| 945 | _aInventariado, 2018/MFF | ||
| 956 |
_2YLOCKWARD _310 _8BPMSU _aYngrid Lockward |
||
| 999 |
_c12710 _d12710 |
||